Sistemas de representación y dibujo técnico (Record no. 137440)

MARC details
000 -LEADER
campo de control de longitud fija 00507nam a2200157 4500
001 - NÚMERO DE CONTROL
campo de control 137440
003 - IDENTIFICADOR DE NÚMERO DE CONTROL
campo de control ES-MaACL
005 - FECHA Y HORA DE LA ÚLTIMA TRANSACCIÓN
campo de control 20230906195355.0
007 - CAMPO FIJO DE DESCRIPCIÓN FÍSICA--INFORMACIÓN GENERAL
campo de control de longitud fija t|
008 - DATOS DE LONGITUD FIJA--INFORMACIÓN GENERAL
campo de control de longitud fija 070214s1968 sp r ||||1| spa d
100 1# - ENTRADA PRINCIPAL--NOMBRE DE PERSONA
Nombre de persona Sánchez Alonso, José María.
9 (RLIN) 102449
245 10 - MENCIÓN DEL TÍTULO
Título Sistemas de representación y dibujo técnico
Resto del título : apuntes /
Mención de responsabilidad, etc. José María Sánchez Alonso.
260 ## - PUBLICACIÓN, DISTRIBUCIÓN, ETC.
Lugar de publicación, distribución, etc. Bilbao :
Nombre del editor, distribuidor, etc. [s.n.],
Fecha de publicación, distribución, etc. 1968 (
Fabricante Estudios Grafor)
300 ## - DESCRIPCIÓN FÍSICA
Extensión 101 fol. :
Otras características físicas il. ;
Dimensiones 32 cm.
852 ## - LOCALIZACIÓN
Ubicación ES-MaACL
Número de control de estantería C-41243
Sublocalización o colección R.72186
Holdings
Estatus retirado Estado de pérdida Estado de daño No para préstamo Biblioteca de origen Biblioteca actual Ubicación en estantería Fecha de adquisición Fuente de adquisición Total de préstamos Signatura topográfica completa Código de barras Visto por última vez Precio de reemplazo Tipo de ítem Koha
        Biblioteca del Ateneo de Madrid Biblioteca del Ateneo de Madrid Depósito 2 17/01/2008     C-41243 1143027 23/02/2023 23/02/2023 Libro impreso